Market Leader. Alliance; Market Leader; Alliance; Video Resource Book; Business English

Bibliographic Details
Main Author: Pickford P. Pamela
Other Authors: Crowe R. Richard
Language:English
Published: Longman, 2000
Subjects:
Format: Slide
KOHA link:https://koha.lib.tpu.ru/cgi-bin/koha/opac-detail.pl?biblionumber=45901

MARC

LEADER 00000ngm0a2200000 4500
001 45901
005 20231031024150.0
035 |a (RuTPU)RU\TPU\book\47810 
090 |a 45901 
100 |a 20021218d2000 m y0engy50 ba 
101 0 |a eng 
102 |a GB 
105 |a y j 000zy 
115 |a c048bahmcuaz cbucc 
200 1 |a Market Leader. Alliance  |b Video-cassette  |f P. Pickford, R. Crowe 
210 |c Longman  |d 2000 
215 |a 1 video-cassette (48 min) 
422 1 |0 (RuTPU)RU\TPU\book\47819  |y 0-582-43534-X  |t Market Leader  |e 2-nd ed.  |n Longman  |d 2000  |p 55 p.  |a Crowe, Richard 
422 |t Alliance 
422 |t Video Resource Book 
422 |t Business English  |f R. Crowe, P. Pickford 
610 1 |a английский язык 
610 1 |a учебные пособия 
610 1 |a деловое общение 
610 1 |a разговорная речь 
610 1 |a устная речь 
610 1 |a видеокассеты 
686 |a Ш143.21-923.4  |v LBC/SL-A  |2 rubbk 
700 1 |a Pickford  |b P.  |g Pamela 
701 1 |a Crowe  |b R.  |g Richard 
801 1 |a RU  |b 63413507  |c 20021218  |g PSBO 
801 2 |a RU  |b 63413507  |c 20221202  |g PSBO 
942 |c BK